| 000 | 00793cam a22002653a 4500 | ||
|---|---|---|---|
| 001 | 3014 | ||
| 003 | PGUSA | ||
| 005 | 20140828083024.0 | ||
| 008 | 020101s2002||||xxu|||||s|||||000 | eng d | ||
| 040 |
_aPGUSA _beng |
||
| 042 | _adc | ||
| 050 | 4 | _aF476 | |
| 050 | 4 | _aE151 | |
| 100 | 1 |
_aOgg, Frederic Austin, _d1878-1951 |
|
| 245 | 1 | 4 |
_aThe Old Northwest : _bA Chronicle of the Ohio Valley and Beyond _h[electronic resource] / _cFrederic Austin Ogg |
| 260 |
_bProject Gutenberg, _c2002 |
||
| 506 | _aPublic domain in the USA. | ||
| 516 | _aElectronic text | ||
| 653 | _aOhio River Valley -- History | ||
| 653 | _aNorthwest, Old -- History | ||
| 700 | 1 |
_aJohnson, Allen, _d1870-1931 |
|
| 830 | 0 |
_aProject Gutenberg _v3014 |
|
| 856 | 4 | 0 | _uhttp://www.gutenberg.org/ebooks/3014 |
| 942 | _cEB | ||
| 999 |
_c232344 _d232344 |
||